UBT Library

The story of X-rays, from Röntgen to isotopes. (Record no. 43190)

000 -LEADER
fixed length control field 00516nam a22002051 4500
001 - CONTROL NUMBER
control field 3584600
005 - DATE AND TIME OF LATEST TRANSACTION
control field 20180222072318.0
008 - FIXED-LENGTH DATA ELEMENTS--GENERAL INFORMATION
fixed length control field 730220s1960 nyua b 000 0 eng
010 ## - LIBRARY OF CONGRESS CONTROL NUMBER
LC control number 60051880
040 ## - CATALOGING SOURCE
Original cataloging agency DLC
Transcribing agency DLC
Modifying agency DLC
041 ## - LANGUAGE CODE
Language code of text/sound track or separate title eng
080 ## - UNIVERSAL DECIMAL CLASSIFICATION NUMBER
Universal Decimal Classification number 616.0757 BLE
082 00 - DEWEY DECIMAL CLASSIFICATION NUMBER
Classification number 616.0757 BLE
100 1# - Rafti
Rafti 6
101 ## - Shkurtesa
Shkurtesa RAD
245 04 - TITLE STATEMENT
Title The story of X-rays, from Röntgen to isotopes.
504 ## - BIBLIOGRAPHY, ETC. NOTE
Bibliography, etc Includes bibliography.
906 ## - LOCAL DATA ELEMENT F, LDF (RLIN)
a 7
b cbc
c orignew
d u
e ocip
f 19
g y-gencatlg
942 ## - ADDED ENTRY ELEMENTS (KOHA)
Source of classification or shelving scheme
Item type Books
Holdings
Withdrawn status Lost status Source of classification or shelving scheme Damaged status Not for loan Collection code Permanent location Current location Shelving location Date acquired Total Checkouts Full call number Barcode Date last seen Price effective from Koha item type
          Koleksioni i përgjithshem UBT - Lipjan UBT - Lipjan Koleksioni i përgjithshem 02/22/2018   616.0757 BLE 002-2999857 02/22/2018 02/22/2018 Books
UBT Library © 2015-2024. All rights reserved University Education for Business and Technology